CSR aktivity spoločnosti SLOVNAFT, a.s. diplomová práca

Na minha lista:
Detalhes bibliográficos
Autor principal: Bulák, Marek
Autor Corporativo: Obchodná fakulta EU. Katedra marketingu
Outros Autores: Labská, Helena
Formato: Livro
Idioma:eslovaco
Publicado em: Bratislava 2008
Tags: Adicionar Tag
Sem tags, seja o primeiro a adicionar uma tag!

MARC

LEADER 00000nam$a2200000$$$4500
001 0081570
005 20240201114940.7
041 0 |a slo 
044 |a SK 
245 1 0 |a CSR aktivity spoločnosti SLOVNAFT, a.s.  |b diplomová práca  |c Marek Bulák ; škol. Helena Labská 
264 1 |a Bratislava  |c 2008 
300 |a 69 s. 
100 1 |a Bulák, Marek 
700 1 |a Labská, Helena 
710 2 |a Obchodná fakulta EU. Katedra marketingu